书目信息 |
| 题名: |
矿产资源法律制度的物权化构建
|
|
| 作者: | 李晓燕 著 | |
| 分册: | ||
| 出版信息: | 北京 中国社会科学出版社 2014.07 |
|
| 页数: | 226页 | |
| 开本: | 24cm | |
| 丛书名: | ||
| 单 册: | ||
| 中图分类: | D922.624 , D922.6 | |
| 科图分类: | ||
| 主题词: | 矿产资源法--kuang chan zi yuan fa--研究--中国 | |
| 电子资源: | ||
| ISBN: | 978-7-5161-3390-3 | |
| 000 | 01203nam0 2200265 450 | |
| 001 | 2364742239 | |
| 005 | 20231125180031.27 | |
| 010 | @a978-7-5161-3390-3@dCNY46.00 | |
| 099 | @aCAL 012014101090 | |
| 100 | @a20140901d2014 ekmy0chiy50 ea | |
| 101 | 0 | @achi |
| 102 | @aCN@b110000 | |
| 105 | @ay a 001yy | |
| 200 | 1 | @a矿产资源法律制度的物权化构建@Akuang chan zi yuan fa lu^ zhi du de wu quan hua gou jian@f李晓燕著 |
| 210 | @a北京@c中国社会科学出版社@d2014.07 | |
| 215 | @a226页@d24cm | |
| 300 | @a山西大学出版基金资助 | |
| 320 | @a有书目 (第211-220页) 和索引 | |
| 330 | @a本书从国际与国内视角分析了我国矿产资源法律制度所面临的时代挑战与现实困境, 对我国现行矿产资源法律制度及相关理论进行了深刻反思与检讨, 立足于民法学的基本理论, 以公、私法的划分为逻辑出发点, 在比较借鉴国外矿业制度先进经验的基础上, 结合我国矿产资源领域的实践, 提出了以“物权化制度群”为目标的矿产资源法律制度改革方案, 以期为构建高效透明、市场有序、管理有力、可持续发展的矿产资源法律制度提供有益的思路与建议。 | |
| 606 | 0 | @a矿产资源法@Akuang chan zi yuan fa@x研究@y中国 |
| 690 | @aD922.624@v5 | |
| 690 | @aD922.6@v4 | |
| 701 | 0 | @a李晓燕@Ali xiao yan@4著 |
| 801 | 0 | @aCN@b人天书店@c20140901 |
| 905 | @aBZT@dD922.6@e3 | |
| 矿产资源法律制度的物权化构建/李晓燕著.-北京:中国社会科学出版社,2014.07 |
| 226页;24cm |
| 山西大学出版基金资助 |
| ISBN 978-7-5161-3390-3:CNY46.00 |
| 本书从国际与国内视角分析了我国矿产资源法律制度所面临的时代挑战与现实困境, 对我国现行矿产资源法律制度及相关理论进行了深刻反思与检讨, 立足于民法学的基本理论, 以公、私法的划分为逻辑出发点, 在比较借鉴国外矿业制度先进经验的基础上, 结合我国矿产资源领域的实践, 提出了以“物权化制度群”为目标的矿产资源法律制度改革方案, 以期为构建高效透明、市场有序、管理有力、可持续发展的矿产资源法律制度提供有益的思路与建议。 |
| ● |
| 相关链接 |
|
|
|
正题名:矿产资源法律制度的物权化构建
索取号:D922.6/3
 
预约/预借
| 序号 | 登录号 | 条形码 | 馆藏地/架位号 | 状态 | 备注 |
| 1 | 2001089812 | 2001089812 | 东辅楼二楼书库/ [索取号:D922.6/3] | 在馆 | |
| 2 | 2001089813 | 2001089813 | 东辅楼二楼书库/ [索取号:D922.6/3] | 在馆 | |
| 3 | 2001089814 | 2001089814 | 东辅楼二楼书库/ [索取号:D922.6/3] | 在馆 | |
| 4 | 2001089815 | 2001089815 | 东辅楼二楼书库/ [索取号:D922.6/3] | 在馆 | |
| 5 | 2001089816 | 2001089816 | 东辅楼二楼书库/ [索取号:D922.6/3] | 在馆 | |
| 6 | 2001089817 | 2001089817 | 东辅楼二楼书库/ [索取号:D922.6/3] | 在馆 | |
| 7 | 2001089818 | 2001089818 | 东辅楼二楼书库/ [索取号:D922.6/3] | 在馆 | |
| 8 | 2001089819 | 2001089819 | 东辅楼二楼书库/ [索取号:D922.6/3] | 在馆 | |
| 9 | 2001089820 | 2001089820 | 东辅楼二楼书库/ [索取号:D922.6/3] | 在馆 | |
| 10 | 2001089821 | 2001089821 | 东辅楼二楼书库/ [索取号:D922.6/3] | 在馆 | |
| 11 | 2001089822 | 2001089822 | 东辅楼二楼书库/ [索取号:D922.6/3] | 在馆 | |
| 12 | 2001089823 | 2001089823 | 东辅楼二楼书库/ [索取号:D922.6/3] | 在馆 | |
| 13 | 2001089824 | 2001089824 | 东辅楼二楼书库/ [索取号:D922.6/3] | 在馆 | |
| 14 | 2001089825 | 2001089825 | 东辅楼二楼书库/ [索取号:D922.6/3] | 在馆 | |
| 15 | 2001089826 | 2001089826 | 东辅楼二楼书库/ [索取号:D922.6/3] | 在馆 | |
| 16 | 2001089827 | 2001089827 | 东辅楼二楼书库/ [索取号:D922.6/3] | 在馆 | |
| 17 | 2001089828 | 2001089828 | 东辅楼二楼书库/ [索取号:D922.6/3] | 在馆 | |
| 18 | 2001089829 | 2001089829 | 东辅楼二楼书库/ [索取号:D922.6/3] | 在馆 | |
| 19 | 2001089830 | 2001089830 | 东辅楼二楼书库/ [索取号:D922.6/3] | 在馆 | |
| 20 | 2001089831 | 2001089831 | 东辅楼二楼书库/ [索取号:D922.6/3] | 在馆 | |
| 21 | 2001089832 | 2001089832 | 东辅楼二楼书库/ [索取号:D922.6/3] | 在馆 | |
| 22 | 2001089833 | 2001089833 | 东辅楼二楼书库/ [索取号:D922.6/3] | 在馆 | |
| 23 | 2001089834 | 2001089834 | 东辅楼二楼书库/ [索取号:D922.6/3] | 在馆 | |
| 24 | 2001089835 | 2001089835 | 东辅楼二楼书库/ [索取号:D922.6/3] | 在馆 | |
| 25 | 2001089836 | 2001089836 | 东辅楼二楼书库/ [索取号:D922.6/3] | 在馆 | |
| 26 | 2001089837 | 2001089837 | 东辅楼二楼书库/ [索取号:D922.6/3] | 在馆 | |
| 27 | 2001089838 | 2001089838 | 东辅楼二楼书库/ [索取号:D922.6/3] | 在馆 | |
| 28 | 2001089839 | 2001089839 | 东辅楼二楼书库/ [索取号:D922.6/3] | 在馆 | |
| 29 | 2001089840 | 2001089840 | 东辅楼二楼书库/ [索取号:D922.6/3] | 在馆 | |
| 30 | 2001089841 | 2001089841 | 东辅楼二楼书库/ [索取号:D922.6/3] | 在馆 |